Bruno Mars ou Pharrell Williams ? - Statistiques

Statistiques générales
  • Ce quiz a été pris 211 fois
    206 depuis la dernière actualisation
  • Le résultat moyen est 12 sur 20
Statistiques - réponses
Question Réponse % Correct
Lequel est Pharrell Williams ?
99%
À qui doit-on Happy, Get Lucky ou encore That Girl ? Pharrell Williams
99%
À qui doit-on Uptown Funk, Just the Way You Are ou APT. ? Bruno Mars
98%
Lequel est Bruno Mars ?
97%
Qui est le plus jeune ? Bruno Mars
86%
Qui a le plus grand nombre d'auditeurs mensuels sur Spotify ? Bruno Mars
79%
Qui a fondé la marque de cosmétiques Humanrace ? Pharrell Williams
68%
Qui est, ou a été, jury pour l'émission The Voice dans son pays d'origine ? Pharrell Williams
65%
Qui a un nom de scène qui n'a rien à voir avec son nom de naissance ? Bruno Mars
63%
Qui est états-unien ? Les deux
58%
Qui a fait une représentation à la mi-temps du Super Bowl ? Bruno Mars
56%
Qui a été nommé pour un Oscar ? Pharrell Williams
54%
Qui voit-on souvent avec un chapeau ? Les deux
49%
Qui a une chanson classée n°1 sur le Billboard Hot 100 pendant 10 semaines consécutives ? Les deux
39%
Qui a lancé une marque de vêtements appelée Billionaire Boys Club ? Pharrell Williams
37%
Qui a composé de nombreux tubes pour d'autres artistes ? Les deux
36%
Qui a remporté un Grammy Award pour Album of the Year ? Les deux
31%
Qui a un style très influencé par les années 70-80 ? Les deux
22%
Qui a fait partie d'un groupe hip-hop/funk avant sa carrière solo ? Les deux
16%
Qui a un style fortement inspiré du funk, de la soul et de James Brown ? Les deux
11%
Aucun quiz correspondant
Distribution des résultats
% des personnes avec chaque résultat
Percentile par nombre de réponses
Votre historique - résultats
Vous n’avez pas pris ce quiz depuis la dernière actualisation